AH International Schools' Libraries

Pocahontas / (Record no. 48797)

MARC details
000 -LEADER
fixed length control field 00354nam a2200121 4500
020 ## - INTERNATIONAL STANDARD BOOK NUMBER
International Standard Book Number 9780717284979
100 ## - MAIN ENTRY--PERSONAL NAME
Personal name Walt Disney,
Relator term Publishing.
9 (RLIN) 52421
245 ## - TITLE STATEMENT
Title Pocahontas /
Remainder of title by Walt Disney.
260 ## - PUBLICATION, DISTRIBUTION, ETC. (IMPRINT)
Place of publication, distribution, etc United States :
Name of publisher, distributor, etc Grolier Enterprises ;
Date of publication, distribution, etc 1995.
300 ## - PHYSICAL DESCRIPTION
Extent 39 pages.
650 ## - SUBJECT ADDED ENTRY--TOPICAL TERM
9 (RLIN) 74802
Topical term or geographic name as entry element Disney characters
Form subdivision Juvenile fiction.
942 ## - ADDED ENTRY ELEMENTS (KOHA)
Source of classification or shelving scheme
Koha item type Book
Holdings
Withdrawn status Lost status Source of classification or shelving scheme Damaged status Not for loan Home library Current library Date acquired Total Checkouts Full call number Barcode Checked out Date last seen Date checked out Price effective from Koha item type Public note
          Logos International School Logos International School 04/02/2025 6 X DIS 040593 04/03/2026 03/26/2026 03/26/2026 04/02/2025 Book Basket 26

For any Logos Library related questions please contact Miss Art at swongnarasuk@asianhope.org.

For any Asian Hope Library related questions please contact Miss Raza at graza@asianhope.org.

Click here to explore our ebooks!

Powered by Koha